000 00981nam a2200313Ia 4500
003 OSt
005 20221006160034.0
006 a|||||r|||| 00| 0
007 ta
008 221006b |||||||| |||| 00| 0 eng d
020 _a9788952106353
_c
_35.34
024 _a44,128
037 _bGift, KCC (Window on Korea)
_cTextual
040 _aEASL
_cEASL
_beng
041 _2eng
_aeng
082 _aZ495, P7
100 _aChoi Chongko
_9671622
245 0 _aLaw and Justice in Korea
_bSouth and North
260 _aSeoul
_bSeoul National University (SNU) Press Korea
_c2005
300 _a534p.
_ccm.
490 _v KEL
650 _a KEL
650 _a Korea - Contemporary - Law and Justice
_9671623
650 _a Korea - Law - Modernization of
_9671624
650 _a Korea - Law and legal theory
_9671625
650 _aKorea - Traditional Law
_9671626
942 _hZ495, P7
_cTEXL
_2CC
999 _c1112220
_d1112220